Proč novela zákoníku práce.

Návrh novely zákonníka práce, ktorá sa má v ČR prerokovať v r. 1993. Prehľad hlavných navrhovaných zmien. Cieľ návrhu a reakcia na pripomienky a kritické názory, hlavne odborov. Prispôsobenie dosiaľ platného zákonníka práce k súčasným ekonomickým a spoločenským podmienkam a k novej štátoprávnej situ...

Ausführliche Beschreibung

Gespeichert in:
Bibliographische Detailangaben
1. Verfasser: Tomandlová, L.
Weitere Verfasser: Týc, Jaroslav
Format: Buchkapitel
Sprache:Tschechisch
Schlagworte:
Tags: Tag hinzufügen
Keine Tags, Fügen Sie das erste Tag hinzu!

MARC

LEADER 00000naa a2200000 4500
001 r013742
005 20221213083022.3
041 0 |a cze 
044 |a CZ 
245 1 0 |a Proč novela zákoníku práce.  |c L. Tomandlová, Jaroslav Týc 
520 |a Návrh novely zákonníka práce, ktorá sa má v ČR prerokovať v r. 1993. Prehľad hlavných navrhovaných zmien. Cieľ návrhu a reakcia na pripomienky a kritické názory, hlavne odborov. Prispôsobenie dosiaľ platného zákonníka práce k súčasným ekonomickým a spoločenským podmienkam a k novej štátoprávnej situácii. 
610 2 0 |a zákonník práce 
610 2 0 |a právo pracovné 
610 2 0 |a Čechy 
610 2 0 |a 1993 
610 2 0 |a odbory 
100 1 |a Tomandlová, L. 
700 1 |a Týc, Jaroslav